Whither Rupee? : (Record no. 126641)

MARC details
000 -LEADER
fixed length control field 00695nam a22002297a 4500
005 - DATE AND TIME OF LATEST TRANSACTION
control field 20170124110013.0
010 ## - LIBRARY OF CONGRESS CONTROL NUMBER
LC control number 755334
020 ## - INTERNATIONAL STANDARD BOOK NUMBER
Terms of availability 00.00
035 ## - SYSTEM CONTROL NUMBER
System control number 755334
037 ## - SOURCE OF ACQUISITION
Source of stock number/acquisition Cen Lib/Ret
040 ## - CATALOGING SOURCE
Original cataloging agency DPL
Language of cataloging EN
082 ## - DEWEY DECIMAL CLASSIFICATION NUMBER
Classification number 332.41
Item number GAN
100 ## - MAIN ENTRY--PERSONAL NAME
Personal name Ganguly, Birendranath
9 (RLIN) 18057
245 ## - TITLE STATEMENT
Title Whither Rupee? :
Statement of responsibility, etc by Birendranath Ganguly
Remainder of title a study in the ratio controversy /
260 ## - PUBLICATION, DISTRIBUTION, ETC. (IMPRINT)
Place of publication, distribution, etc Delhi
Name of publisher, distributor, etc Sultan Chand & Sons
Date of publication, distribution, etc 1939
270 ## - ADDRESS
Address Chandni Chowk
City Delhi
Postal code 110006
300 ## - PHYSICAL DESCRIPTION
Extent various pagings :
Dimensions 18cm(Hb)
500 ## - GENERAL NOTE
General note Includes index
650 ## - SUBJECT ADDED ENTRY--TOPICAL TERM
Topical term or geographic name as entry element Money -- India.
9 (RLIN) 18058
650 ## - SUBJECT ADDED ENTRY--TOPICAL TERM
Topical term or geographic name as entry element Currency question -- India.
9 (RLIN) 18059
942 ## - ADDED ENTRY ELEMENTS (KOHA)
Source of classification or shelving scheme Dewey Decimal Classification
Koha item type English Books
Classification part 332.41
Call number suffix GAN
Holdings
Withdrawn status Lost status Damaged status Not for loan Home library Current library Date acquired Source of acquisition Cost, normal purchase price Total Checkouts Full call number Barcode Date last seen Copy number Cost, replacement price Price effective from Koha item type
        Central Library Central Library 26/06/2015 Cen Lib/Ret 0.00   332.41 GAN 755334 26/06/2015 1 0.00 26/06/2015 English Books

© Delhi Public Library
Hit Counter
free hit counter